Вып. 12; Прикладное программное обеспечение Единой системы ЭВМ и системы МИНИ-ЭВМ

Detalles Bibliográficos
Parent link:Прикладное программное обеспечение Единой системы ЭВМ и системы МИНИ-ЭВМ: краткое описание прикладных программ/ Международный центр научной и технической информации. Вып. 12.— , 1977-
Outros autores: Жукова Т. В. (составитель), Иванов С. М.
Idioma:ruso
Publicado: 1988
Subjects:
Formato: MixedMaterials Libro
KOHA link:https://koha.lib.tpu.ru/cgi-bin/koha/opac-detail.pl?biblionumber=253893

MARC

LEADER 00000nam2a2200000 4500
001 253893
005 20231101232903.0
020 |a RU  |b 87-79628 
035 |a (RuTPU)RU\TPU\book\276312 
090 |a 253893 
100 |a 20140318g1988 k a0rusy5003 ca 
101 0 |a rus 
102 |a RU 
105 |a y z 000zy 
200 0 |a Вып. 12  |f сост. Т. В. Жукова, С. М. Иванов 
210 |d 1988 
215 |a 131 с. 
461 1 |0 (RuTPU)RU\TPU\book\285126  |t Прикладное программное обеспечение Единой системы ЭВМ и системы МИНИ-ЭВМ  |o краткое описание прикладных программ  |f Международный центр научной и технической информации  |v Вып. 12  |d 1977- 
606 1 |a Вычислительные машины электронные  |x Программное обеспечение  |2 stltpush  |3 (RuTPU)RU\TPU\subj\4146  |9 32447 
610 1 |a ЭВМ 
610 1 |a единая система 
610 1 |a Мини-ЭВМ 
610 1 |a прикладные программы 
610 1 |a описание 
610 1 |a пакеты прикладных программ 
675 |a 681.3.06  |z rus 
702 1 |a Жукова  |b Т. В.  |4 220 
702 1 |a Иванов  |b С. М.  |4 220 
801 0 |a RU  |b RuMRKP  |c 19950417  |g psbo 
801 1 |a RU  |b 63413507  |c 20140318 
801 2 |a RU  |b 63413507  |c 20170217  |g RCR 
942 |c BK